| 000 | 00634nam a22001937a 4500 | ||
|---|---|---|---|
| 005 | 20180129130110.0 | ||
| 010 | _aENG-122164 | ||
| 020 |
_a9780199477562 _c995.00 |
||
| 035 | _aEN-105696 | ||
| 037 | _bDBAD/PUB | ||
| 082 | _a305.50954 | ||
| 100 | _aSharma, Mukul | ||
| 245 |
_aCaste & Nature : _cby Mukul Sharma _bdalits and indian environmental politics / |
||
| 260 |
_aNew Delhi _bOxford University Press _c2017 |
||
| 270 |
_a2/11 Ground Floor, Ansari Road, Daryaganj _bNew Delhi _e110002 |
||
| 300 |
_a296p. _c24cm |
||
| 500 | _aincludes Bibliography reference and index | ||
| 942 |
_2ddc _cEN _h305.50954 _mSHA |
||
| 999 |
_c149555 _d149555 |
||